| 000 | 00796nem a22003017a 4500 | ||
|---|---|---|---|
| 005 | 20190812190131.0 | ||
| 008 | 190801b xxu||||| |||| 00| 0 spa d | ||
| 041 | _aspa | ||
| 082 | _aMapas | ||
| 245 | _aMapa Ecológico zonas de vida de Costa Rica | ||
| 260 | _aCosta Rica | ||
| 260 | _bCentro Científico Tropical | ||
| 260 | _c2006 | ||
| 650 |
_aCOSTA RICA _955467 |
||
| 650 |
_aMAPA ECOLÓGICO _955221 |
||
| 650 |
_aZONAS DE VIDA _917335 |
||
| 650 |
_aMATERIAL DIDÁCTICO _912846 |
||
| 650 |
_aNICOYA _97850 |
||
| 650 |
_aGOLFITO _91060 |
||
| 650 |
_aLIBERIA _919824 |
||
| 650 |
_aSAN JOSÉ _91091 |
||
| 650 |
_aTALAMANCA _92385 |
||
| 650 |
_aQUEPOS _931603 |
||
| 650 |
_aLIMÓN _94425 |
||
| 650 |
_aSAN CARLOS _97396 |
||
| 650 |
_aBARRA DEL COLORADO _955223 |
||
| 942 | _cMP | ||
| 999 |
_c12194 _d12194 |
||